American journal of political science (Record no. 38073)

MARC details
000 -LEADER
fixed length control field 00419nam a2200157Ia 4500
022 ## - INTERNATIONAL STANDARD SERIAL NUMBER
ISSN 00925853
050 ## - CALL MARK
Classification number JA 1 .M5/
245 #0 - TITLE STATEMENT
Title American journal of political science
260 ## - PUBLICATION, DISTRIBUTION, ETC. (IMPRINT)
Name of publisher Association for Computing Machinery
260 ## - PUBLICATION, DISTRIBUTION, ETC. (IMPRINT)
Year of publication 2008
300 ## - PHYSICAL DESCRIPTION
Number of Pages v. , 978 p. ; 28 cm.
650 ## - SUBJECT ADDED ENTRY--TOPICAL TERM
Topical Term Political science--Periodicals.
942 ## - ADDED ENTRY ELEMENTS (KOHA)
Koha item type Serials

No items available.